[Event "C.P.A. Zevio 2013"]
[Site "Zevio (VR)"]
[Date "2013.01.20"]
[Round "6.13"]
[White "Scagliarini, Gennaro"]
[Black "Cordioli, Luca"]
[Result "0-1"]
[WhiteElo "1722"]
[BlackElo "1697"]
[PlyCount "96"]
[EventDate "2014.03.18"]
[SourceDate "2014.03.18"]

1. d4 Nf6 2. Bf4 g6 3. c3 Bg7 4. Nd2 d5 5. e3 c6 6. Bd3 O-O 7. h3 Nbd7 8. Ngf3
Re8 9. Ne5 Nxe5 10. Bxe5 Nd7 11. Bxg7 Kxg7 12. h4 e5 13. dxe5 Nxe5 14. Be2 Qb6
15. h5 Qxb2 16. hxg6 hxg6 17. Qc1 Qxc1+ 18. Rxc1 Bf5 19. f4 Nd3+ 20. Bxd3 Rxe3+
21. Kf2 Rxd3 22. Nf3 Re8 23. Ng5 Kf6 24. Rh7 Re7 25. Re1 Be6 26. g4 Rxc3 27. f5
Kxg5 28. fxe6 Rxe6 29. Rxe6 fxe6 30. Rxb7 Rc2+ 31. Kg3 Rxa2 32. Rb3 Ra4 33. Rc3
Rxg4+ 34. Kf3 Rc4 35. Ra3 Kf5 36. Rxa7 Rc3+ 37. Ke2 Ke4 38. Re7 e5 39. Re6 Kf5
40. Re8 g5 41. Rf8+ Kg4 42. Kd2 Rf3 43. Rc8 Rf6 44. Rc7 Kf3 45. Ra7 g4 46. Ra3+
Kf2 47. Re3 g3 48. Rxe5 g2 0-1

[Event "C.P.A. Zevio 2013"]
[Site "Zevio (VR)"]
[Date "2013.01.20"]
[Round "6.14"]
[White "Bonini, Roberto"]
[Black "Bruno, Elio"]
[Result "1-0"]
[WhiteElo "1888"]
[BlackElo "1613"]
[PlyCount "101"]
[EventDate "2014.03.18"]
[SourceDate "2014.03.18"]

1. e4 c5 2. Nf3 Nc6 3. d4 cxd4 4. Nxd4 Nf6 5. Nc3 a6 6. Be2 d6 7. Be3 e6 8. O-O
Be7 9. f4 O-O 10. Kh1 Bd7 11. Qe1 Nxd4 12. Bxd4 b5 13. b3 Bc6 14. Bf3 Qc7 15.
Qg3 Ne8 16. Rad1 Rd8 17. Qf2 Qb7 18. Rfe1 Bf6 19. Re3 Bxd4 20. Rxd4 Nc7 21.
Red3 d5 22. exd5 exd5 23. f5 f6 24. g4 h6 25. Ne2 a5 26. Nf4 Rfe8 27. Re3 Rxe3
28. Qxe3 Re8 29. Qf2 Qb6 30. Kg2 a4 31. Rd2 Qb7 32. Qc5 Na6 33. Qd6 Qb6 34.
Bxd5+ Bxd5+ 35. Qxd5+ Kh7 36. Ne6 Qe3 37. Qd7 Qe4+ 38. Kf2 Rg8 39. Qd3 Qh1 40.
Kg3 Qe1+ 41. Kg2 Nb8 42. Qg3 Qe4+ 43. Qf3 Qe5 44. c3 Qe1 45. Re2 Qd1 46. Kf2
Nd7 47. Kg3 Ne5 48. Rxe5 Qxf3+ 49. Kxf3 fxe5 50. Ke4 Rc8 51. Kxe5 1-0

[Event "C.P.A. Zevio 2013"]
[Site "Zevio (VR)"]
[Date "2013.01.20"]
[Round "6.15"]
[White "Tencheni, Maurizio"]
[Black "De Paoli, Emilio"]
[Result "0-1"]
[WhiteElo "1677"]
[BlackElo "1863"]
[PlyCount "76"]
[EventDate "2014.03.18"]
[SourceDate "2014.03.18"]

1. d4 c5 2. Nf3 cxd4 3. Nxd4 g6 4. Nd2 Nc6 5. N2f3 Bg7 6. c3 Nf6 7. g3 O-O 8.
Bg2 e5 9. Nb5 d5 10. Be3 a6 11. Na3 Ng4 12. Bc5 Re8 13. Nc2 b6 14. Be3 Nxe3 15.
Nxe3 Be6 16. Ng5 Qxg5 17. Nxd5 Bxd5 18. Bxd5 Rad8 19. Qb3 Na5 20. Bxf7+ Kf8 21.
Qxb6 Qd2+ 22. Kf1 Kxf7 23. Qxa5 Qd5 24. Qxd5+ Rxd5 25. e4 Rd2 26. Kg2 Rxb2 27.
Rhb1 Rc2 28. Rb7+ Re7 29. Rb6 a5 30. Rb5 Ra7 31. Rc5 Ke6 32. Rc8 Bh6 33. Kf3
Rf7+ 34. Kg4 Kf6 35. Rc6+ Kg7 36. Rc5 Rcxf2 37. Rxe5 Rxh2 38. Rxa5 Be3 0-1

[Event "C.P.A. Zevio 2013"]
[Site "Zevio (VR)"]
[Date "2013.01.20"]
[Round "6.16"]
[White "Pisani, Valerio"]
[Black "Macalello, Angelo"]
[Result "1-0"]
[WhiteElo "1731"]
[BlackElo "1707"]
[PlyCount "103"]
[EventDate "2014.03.18"]
[SourceDate "2014.03.18"]

1. Nc3 d5 2. e4 d4 3. Nce2 e5 4. Ng3 Nf6 5. Nf3 Nbd7 6. Bc4 Bd6 7. d3 O-O 8.
O-O Nc5 9. Qe2 Ne6 10. Nf5 Nc5 11. N3h4 Be6 12. Bb3 Bxb3 13. axb3 Ne6 14. Bd2
g6 15. Nxd6 cxd6 16. g3 Qd7 17. f4 exf4 18. gxf4 Ng7 19. f5 b6 20. Ra4 Rae8 21.
Qg2 Kh8 22. Rxd4 gxf5 23. Qg5 Ngh5 24. Qxf5 Rg8+ 25. Kh1 Qxf5 26. Nxf5 d5 27.
Bc3 dxe4 28. Rxe4 Rxe4 29. dxe4 Rg6 30. Rd1 h6 31. Rd7 Kh7 32. Rxf7+ Kg8 33.
Re7 Ng4 34. Be1 Nf4 35. Bg3 Ne2 36. Kg2 Nxg3 37. hxg3 a5 38. Kf3 h5 39. Kf4 Nf6
40. Re6 Kf7 41. Re7+ Kf8 42. Ke5 Ng4+ 43. Kd5 Ne3+ 44. Ke5 Nxf5 45. exf5 Rxg3
46. Rh7 Rg2 47. Kf6 Kg8 48. Rc7 h4 49. Rc3 h3 50. Rxh3 Rxc2 51. Rg3+ Kf8 52.
Rc3 1-0

[Event "C.P.A. Zevio 2013"]
[Site "Zevio (VR)"]
[Date "2013.01.20"]
[Round "6.17"]
[White "Recchia, Mattia"]
[Black "Fratton, Zeno"]
[Result "0-1"]
[WhiteElo "1506"]
[BlackElo "1819"]
[PlyCount "96"]
[EventDate "2014.03.18"]
[SourceDate "2014.03.18"]

1. e4 c5 2. Nf3 e6 3. d4 cxd4 4. Nxd4 Nf6 5. Nc3 Nc6 6. Be3 Bb4 7. f3 d5 8.
Nxc6 bxc6 9. e5 Nd7 10. f4 O-O 11. Bd3 c5 12. Bd2 c4 13. Be2 f6 14. Bg4 Qb6 15.
Qe2 fxe5 16. fxe5 d4 17. Na4 Bxd2+ 18. Qxd2 Qc6 19. Bf3 Rxf3 20. gxf3 Nxe5 21.
Rf1 Nxf3+ 22. Rxf3 Qxf3 23. Qxd4 Qh1+ 24. Kd2 Qxh2+ 25. Kc3 Qg3+ 26. Kd2 Qg5+
27. Qe3 Qxe3+ 28. Kxe3 Bb7 29. Nc5 Bd5 30. Rf1 Rf8 31. Rd1 Rf3+ 32. Kd4 Rf2 33.
Kc3 h5 34. Na6 h4 35. Nc7 Rf5 36. Nxd5 exd5 37. Rh1 Rh5 38. Kd4 h3 39. b3 cxb3
40. axb3 h2 41. c4 dxc4 42. bxc4 Kf7 43. Ke4 Ke6 44. c5 Kd7 45. Kd4 Kc6 46. Ke3
a5 47. Kf4 a4 48. Kg4 g6 0-1

[Event "C.P.A. Zevio 2013"]
[Site "Zevio (VR)"]
[Date "2013.01.20"]
[Round "6.18"]
[White "Avanzini, Angelo"]
[Black "Antolini, Aldo"]
[Result "0-1"]
[WhiteElo "1819"]
[BlackElo "1863"]
[PlyCount "40"]
[EventDate "2014.03.18"]
[SourceDate "2014.03.18"]

1. d4 e6 2. c4 Nf6 3. Nc3 d5 4. e3 Bb4 5. Bd2 c5 6. Nf3 O-O 7. a3 cxd4 8. exd4
Bxc3 9. Bxc3 Nc6 10. Bd3 Bd7 11. O-O Rc8 12. Re1 dxc4 13. Bxc4 Re8 14. Qc2 Ne7
15. Ba2 Ned5 16. Bxd5 Nxd5 17. Qd2 Qf6 18. Re4 Bc6 19. Ne5 Nxc3 20. Rf4 Qxf4
0-1

[Event "C.P.A. Zevio 2013"]
[Site "Zevio (VR)"]
[Date "2013.01.20"]
[Round "6.19"]
[White "Morandini, Alessandro"]
[Black "Zonta, Riccardo"]
[Result "0-1"]
[WhiteElo "1308"]
[BlackElo "1638"]
[PlyCount "32"]
[EventDate "2014.03.18"]
[SourceDate "2014.03.18"]

1. d4 d5 2. Nf3 Nf6 3. e3 Bf5 4. c4 e6 5. Qb3 Qc8 6. Nc3 c6 7. Be2 Nbd7 8. Nh4
Bg6 9. Nxg6 hxg6 10. O-O Bd6 11. g3 Rb8 12. Qc2 e5 13. c5 Bc7 14. Qd1 Nf8 15.
Re1 Qh3 16. Bh5 Rxh5 0-1

[Event "C.P.A. Zevio 2013"]
[Site "Zevio (VR)"]
[Date "2013.01.20"]
[Round "6.21"]
[White "Curto, Carlo"]
[Black "Jirillo, Antonio"]
[Result "1-0"]
[WhiteElo "1685"]
[BlackElo "1668"]
[PlyCount "91"]
[EventDate "2013.01.20"]
[SourceDate "2013.01.20"]

1. e4 Nf6 2. Nc3 d5 3. exd5 Nxd5 4. d4 g6 5. Nxd5 Qxd5 6. c3 Bg7 7. Nf3 Bg4 8.
Be2 Nc6 9. O-O O-O 10. Re1 e6 11. Nd2 Bxe2 12. Qxe2 a6 13. Nf3 h6 14. Bf4 Qd8
15. Rad1 Ne7 16. Qd2 Kh7 17. Qc2 c6 18. h4 Nf5 19. g3 Qd5 20. Kg2 Qxa2 21. g4
Ne7 22. h5 Nd5 23. Bd2 Nf6 24. Kg3 Qd5 25. c4 Qd8 26. Ne5 Qxd4 27. hxg6+ Kg8
28. Bxh6 Nh5+ 29. gxh5 Bxe5+ 30. f4 Qxb2 31. gxf7+ Rxf7 32. Qg6+ Bg7 33. Bg5
Qc3+ 34. Kg4 Kf8 35. Qxe6 Bd4 36. Qd6+ Kg8 37. Qxd4 Qc2 38. Rd2 Qf5+ 39. Kg3
Raf8 40. c5 a5 41. Qc4 Kh8 42. Rde2 Qc8 43. Re6 Qc7 44. Rh6+ Rh7 45. Rxh7+ Kxh7
46. Re7+ 1-0